Motherland Characters - Statistics

General Stats
  • This quiz has been taken 71 times
  • The average score is 9 of 14
Answer Stats
Hint Answer % Correct
Lucy Punch Amanda
98%
Anna Maxwell-Martin Julia
98%
Paul Ready Kevin
96%
Philippa Dunne Anne
93%
Diane Morgan Liz
91%
Tanya Moodie Meg
73%
Oliver Chris Paul
63%
Ellie Haddington Marion
54%
Anthony Head Bill
48%
Terry Mynott Johnny
45%
Nick Nevern Lee
30%
Joanna Lumley Felicity
27%
Robbie Gee Garry
23%
Jackie Clune Irene
11%
No matching quizzes found
Score Distribution
Percent of People with Each Score
Percentile by Number Answered
Your Score History
You have not taken this quiz